000 00603nam a22002297a 4500
999 _c4691
_d4691
001 4691
003 BD-JhCC
005 20171130092627.0
008 171129r19561966uk ac||| |||| 000 0 eng d
035 _a(BD-JhCC)4691
040 _aBD-JhCC
_dBD-JhCC
041 _aeng
082 _a398.21
_bSCN 1966
245 _aScandinavian Legends and Flok-Tales /
_cRetold By Gwyn Jones
260 _aLondon :
_bOxford University Press,
_c1966.
300 _a222 p. :
_bill. ;
_c22 cm.
504 _aIncludes Illustration
650 _aFolk Tales
700 _aJones, Gwyn
942 _2ddc
_cBK